| 000 | 00486cam a22001451 4500 | ||
|---|---|---|---|
| 082 |
_a355.009 _bFUR |
||
| 100 | 1 |
_aFurse, George Armand, _949210 |
|
| 245 | 1 | 0 |
_aMilitary expeditions beyond the seas, _cby Col. George Armand Furse. |
| 260 |
_aLondon, _bWilliam Clowes & sons, limited, _c1897. |
||
| 300 |
_a2 v. _bfold. pl., maps, fold. plans. _c22 cm. |
||
| 526 |
_a0 _b0 _c0 _d355_009000000000000_FUR |
||
| 650 | 0 |
_aMCE _9379 |
|
| 650 | 0 |
_aMilitary art and science. _937914 |
|
| 942 |
_2ddc _cBK |
||
| 999 |
_c552382 _d552382 |
||